000 00648nam a2200241Ia 4500
003 OSt
005 20220925215303.0
006 a|||||r|||| 00| 0
007 ta
008 220923b |||||||| |||| 00| 0 eng d
037 _cGeneral Book
040 _aRTL
_cRTL
_beng
041 _2eng
_aeng
082 _aX:8:(D6,9(B), M2
100 _aRowan T G
_9282495
245 0 _aManaging with computers
260 _aLondon
_bHeinemann U. K.
_c1982
300 _avii, 299p.
_ccm.
500 _aAppendix p.252-95
650 _aManagement
_930681
942 _hX:8:(D6,9(B), M2
_cGB
_2CC
999 _c568377
_d568377